All Finno-Ugric languages - Statistics

General Stats
  • This quiz has been taken 89 times
  • The average score is 18 of 34
Answer Stats
Amount of native speakers Answer % Correct
5 million Finnish
100%
14 million Hungarian
98%
1,2 million Estonian
95%
270 000 Udmurt
81%
320 000 Mari
79%
9000 Karelian
78%
25 000 Northern Sami
76%
99 000 Komi
69%
63 000 Komi-Permyak
69%
200 Komi-Yazva
69%
1300 Veps
69%
38 405 Nenets
64%
1000 Eastern Khanty
57%
46 000 Erzya
57%
23 000 Moksha
57%
9000 Northern Khanty
57%
2200 Northern Mansi
57%
76 Ingrian
52%
1 Livonian
50%
500 Southern Sami
45%
400 Inari Sami
38%
80 Enets
36%
21 Votic
36%
1570 Selkup
34%
330 Skolt Sami
33%
2000-8000 Kven
31%
650 Lule Sami
31%
40 000 Meänkieli
28%
25-50 Pite Sami
22%
130 000 South Estonian
22%
100 Ume Sami
22%
341 Kildin Sami
21%
2 Ter Sami
21%
30 Ngansan
14%
No matching quizzes found
Score Distribution
Percent of People with Each Score
Percentile by Number Answered
Your Score History
You have not taken this quiz